Diagnosis estratègiques territorials : document d'estratègies pel territori del Berguedà document d'estratègies pel territori del Berguedà
Descripción Física:
116 p. : quadres, gràfics ; 30 cm
MARC
| LEADER | 00000nam a2200000Ia 4500 | ||
|---|---|---|---|
| 001 | 24074 | ||
| 008 | 160829s2004 xx 000 0 cat d | ||
| 080 | |a Bib-147 | ||
| 245 | |a Diagnosis estratègiques territorials : |b document d'estratègies pel territori del Berguedà | ||
| 260 | |a Barcelona : |b Diputació de Barcelona. Àrea de Promoció Econòmica i Ocupació, |c 2004 | ||
| 300 | |a 116 p. : |b quadres, gràfics ; |c 30 cm | ||
| 590 | |a Títol a l'interior : Diagnosi estratègica territorial de la comarca del Berguedà, febrer 2004 | ||
| 650 | 0 | |a Política d'ocupació |9 7017 | |
| 650 | |a Administració local |x Berguedà |9 49628 | ||
| 710 | 1 | |a Berguedà (Catalunya). |b Consell Comarcal |9 51262 | |
| 710 | 1 | |a Barcelona (Catalunya : Província). |b Àrea de Promoció Econòmica i Ocupació |9 17540 | |
| 901 | |a Arxiu | ||
| 942 | |n 1 | ||
| 952 | |0 0 |1 0 |4 0 |6 BIB147 |7 1 |9 55494 |a Arxiu |b Arxiu |d 2016-12-01 |l 0 |o Bib-147 |p 24074 |r 2016-12-01 00:00:00 |w 2016-12-01 |y ARXIU | ||
| 999 | |c 59367 |d 59367 | ||